| 000 | 00399nam a2200157Ia 4500 | ||
|---|---|---|---|
| 008 | 230917s9999||||xx |||||||||||||| ||und|| | ||
| 040 |
_e50201 _aMAIN |
||
| 041 | _aEnglish | ||
| 082 | _a821.8 E46S:S | ||
| 100 | _aSoutham, B C | ||
| 245 | 2 | _aA student guide to the selected poems of T S Eliot | |
| 250 | _a3rd ed. | ||
| 260 |
_aLondon _bFaber and Faber _c1977 |
||
| 300 | _a140 p. | ||
| 942 | _cBK | ||
| 999 |
_c176195 _d176195 |
||